00828cam a2200241 a 4500001000500000005001700005020001800022040002300040050002000063082001100083100001700094245010400111250004500215260003400260300006100294505000800355520009500363521002200458521002000480650003500500650002000535700003100555261020250815160807.0 a9780545699037 aDLCcDLCdDLCbeng00aGV721.H47b201100a796.481 aHerzog, Brad10aG is for gold medal :ban Olympic alphabet /cwritten by Brad Herzog and illustrated by Doug Bowles aFirst Scholastic printing, February 2014 aNew York :bScholastic,c2011 a30 unnumbered pages : bcolor illustrations ; c24 cm .  aZ  aThe letters of the alphabet introduce facts about the Olympic movement and Olympic sports. a1151 bLexile  aZ bRaz-Plus  0aOlympicsvJuvenile literature. 0aAlphabet books.1 aBowles, Dougeillustrator